| 000 | 00000nam 2200000zi 4500 |
| 001 | 9.939928 |
| 003 | CaOODSP |
| 005 | 20240702073017 |
| 006 | m o d f |
| 007 | cr bn||||||||| |
| 008 | 240627t19841984onca ob f000 0 eng d |
| 020 | |a0662131592 |q(print) |
| 040 | |aCaOODSP|beng|erda|cCaOODSP |
| 041 | 0 |aeng|beng|bfre |
| 043 | |an-cn--- |
| 086 | 1 |aEn42-1/84-3E-PDF |
| 086 | 1 |aEn48-3/84-3E |
| 100 | 1 |aJones, P. A., |eauthor. |
| 245 | 10|aChlorophenols and their impurities in the Canadian environment : |b1983 supplement / |cby P.A. Jones, Commercial Chemicals Branch, Environmental Protection Service, Environment Canada. |
| 264 | 1|aOttawa, Ontario, Canada : |bEnvironment Canada, Environmental Protection Service = Environnement Canada, Service de la protection de l'environnement, |c1984. |
| 264 | 4|c©1984 |
| 300 | |a1 online resource (xi, 93 pages) : |billustration. |
| 336 | |atext|btxt|2rdacontent |
| 337 | |acomputer|bc|2rdamedia |
| 338 | |aonline resource|bcr|2rdacarrier |
| 490 | 1 |aEnvironmental Protection Service report series |
| 500 | |aIssued also in French under title: Les chlorophénols et leurs impuretés dans l'environnement canadien : supplement 1983. |
| 500 | |a"EPS 3-EP-84-3, March 1984." |
| 500 | |a"Economic and technical review, report EPS 3-EP-84-3"--Cover. |
| 500 | |a"Environmental Protection Programs Directorate, March 1984"--Cover. |
| 500 | |aDigitized edition from print [produced by Environment and Climate Change Canada]. |
| 504 | |aIncludes bibliographical references. |
| 546 | |aIncludes abstracts in English and French. |
| 650 | 0|aChlorophenols|xEnvironmental aspects|zCanada. |
| 650 | 0|aChlorophenols|xToxicology. |
| 710 | 1 |aCanada. |bEnvironmental Protection Service, |eissuing body. |
| 710 | 1 |aCanada. |bEnvironmental Protection Programs Directorate, |eissuing body. |
| 775 | 08|tLes chlorophénols et leurs impuretés dans l'environnement canadien : |w(CaOODSP)9.939931 |
| 830 | #0|aEnvironmental Protection Service report series.|w(CaOODSP)9.866031 |
| 856 | 40|qPDF|s3.52 MB|uhttps://publications.gc.ca/collections/collection_2024/eccc/en42/En42-1-84-3-eng.pdf |